[Event "24th Chicago Open 2015"]
[Site "Chicago USA"]
[Date "2015.05.21"]
[Round "1"]
[White "Ramya, Krishna I."]
[Black "Homa, Seth"]
[Result "0-1"]
[WhiteTitle "WFM"]
[BlackTitle "FM"]
[WhiteElo "2129"]
[BlackElo "2366"]
[WhiteFideId "5018064"]
[BlackFideId "2031779"]
[EventDate "2015.05.21"]
[EventType "swiss"]

1. d4 Nf6 2. c4 d6 3. Nc3 e5 4. dxe5 dxe5 5. Qxd8+ Kxd8 6. Bg5 Be6 7. O-O-O+ Nd7
8. Nf3 Kc8 9. e3 c6 10. Bh4 Bb4 11. Nb1 h6 12. Nbd2 Re8 13. h3 a5 14. a3 Bd6 15.
Bd3 Bc7 16. b3 Nc5 17. Bc2 Nfd7 18. Bg3 f5 19. Bh2 Rb8 20. Kb2 b5 21. cxb5 Rxb5
22. Kc3 Nf6 23. Nxe5 Bxb3 24. Bxb3 Nce4+ 25. Kc2 Bxe5 26. Nc4 Nxf2 27. Bxe5
Rexe5 28. Nd6+ Kc7 29. Nxb5+ cxb5 30. Rhe1 Nxd1 31. Kxd1 Ne4 32. Kc2 Nc5 33. Ba2
h5 34. Kc3 h4 35. Kd4 Kd6 36. Bb1 Rd5+ 37. Kc3 Ke5 38. Rf1 g6 39. Rf4 Na4+ 40.
Kc2 g5 41. Rf3 Nc5 42. g4 hxg3 43. Rxg3 Ne4 44. Rg2 Rd8 45. Kb3 Nd2+ 46. Kc2
Nxb1 47. Kxb1 Rd3 48. Kb2 Rxe3 49. Rxg5 Rxh3 50. Rg8 b4 51. axb4 axb4 52. Rb8 b3
53. Kc1 Rd3 0-1

[Event "24th Chicago Open 2015"]
[Site "Chicago USA"]
[Date "2015.05.25"]
[Round "8"]
[White "Fishbein, Alexander"]
[Black "Wang, Qibiao"]
[Result "1-0"]
[WhiteTitle "GM"]
[WhiteElo "2499"]
[BlackElo "2260"]
[WhiteFideId "2000377"]
[BlackFideId "8604282"]
[EventDate "2015.05.21"]
[EventType "swiss"]

1. Nf3 Nf6 2. c4 e6 3. g3 d5 4. b3 c5 5. Bg2 Nc6 6. O-O Be7 7. e3 b6 8. Bb2 Bb7
9. cxd5 Qxd5 10. d4 Qd7 11. dxc5 Bxc5 12. Qxd7+ Kxd7 13. Ne5+ Nxe5 14. Bxb7 Rab8
15. Bg2 Bd6 16. Rd1 Ke7 17. Na3 Rbd8 18. Nb5 Bb8 19. Ba3+ Ke8 20. f4 Ned7 21.
Bc6 Ng8 22. Bd6 Nf6 23. Bxb8 Rxb8 24. Nxa7 Rd8 25. Bb5 Ra8 26. Rac1 Rxa7 27.
Rc8+ Ke7 28. Rxh8 Nf8 29. Rc1 Nd5 30. Rc8 Ng6 31. Ra8 Rxa8 32. Rxa8 Nc7 33. Ra7
Kd6 34. Bd3 Ne7 35. Rb7 Nc8 36. Rb8 Kd7 37. e4 f6 38. e5 f5 1-0

[Event "24th Chicago Open 2015"]
[Site "Chicago USA"]
[Date "2015.05.25"]
[Round "8"]
[White "Studen, Damir"]
[Black "Gurevich, Daniel"]
[Result "1/2-1/2"]
[BlackTitle "FM"]
[WhiteElo "2232"]
[BlackElo "2366"]
[WhiteFideId "2009129"]
[BlackFideId "2044676"]
[EventDate "2015.05.21"]
[EventType "swiss"]

1. d4 Nf6 2. c4 e6 3. Nc3 Bb4 4. e3 c5 5. Ne2 cxd4 6. exd4 d5 7. a3 Be7 8. cxd5
Nxd5 9. Nxd5 exd5 10. Nf4 O-O 11. Bd3 Bf6 12. O-O Nc6 13. Be3 g6 14. Rc1 Ne7 15.
Rc5 b6 16. Rc3 Bf5 17. Ba6 Qd6 18. Qd2 Bc8 19. Bd3 Bb7 20. Rfc1 Rac8 21. Rxc8
Rxc8 22. Rxc8+ Bxc8 23. Ne2 Bf5 24. Ba6 Bd7 25. Bd3 Nc6 26. Qc2 Kg7 27. Qc1 Kg8
28. Qc2 Qe7 29. Qc3 Qe6 30. Nf4 Qd6 31. Ne2 Ne7 32. Qc1 Kf8 33. Bg5 Bh8 34. Be3
h5 35. Bf4 Qc6 36. Qxc6 Nxc6 37. Bb5 Ke7 38. Be3 Na5 39. Bd3 Ba4 40. Nc3 Bb3 41.
Kf1 Ke6 42. Ne2 Nc4 43. Bc1 Bf6 44. Ke1 Kd7 45. Bb1 Kc6 46. Bd3 a5 47. Bb1 b5
48. Bd3 b4 49. axb4 axb4 50. Bb1 Nd6 51. Be3 Bc4 52. Kd2 Kb5 53. Nc1 Ka4 54.
Bc2+ b3 55. Bd3 Nb5 56. Ne2 Be7 57. Bb1 Bb4+ 58. Kd1 Bxe2+ 59. Kxe2 Bc3 60. Bc1
Bxd4 61. f3 Kb4 62. Kd3 Be5 63. f4 Bf6 64. Bd2+ Kc5 65. Be3+ Kc6 66. Bc1 Nd6 67.
Ke2 Nc4 68. Bd3 Nxb2 69. Bxb2 Bxb2 70. h4 Bf6 71. f5 gxf5 72. g3 f4 73. gxf4
Bxh4 74. Kd2 Bg3 75. Kc3 Bxf4 76. Kxb3 Kc5 77. Kc3 Be5+ 78. Kd2 Kd4 79. Bf5 Bf4+
80. Ke2 Bg5 81. Bd7 h4 82. Be8 f5 83. Kf3 Ke5 84. Bb5 Be7 85. Bd3 Bd6 86. Bc2
Kf6 87. Bb3 d4 88. Bc4 h3 89. Bd3 h2 90. Kg2 Kg5 91. Kh1 Kg4 92. Kg2 Bc7 93. Bc4
Bb8 94. Bd3 Bd6 95. Bc4 Be5 96. Bd3 Bb8 97. Bc4 h1=Q+ 98. Kxh1 Kf3 99. Bd3 f4
100. Kg1 Ke3 101. Bc4 d3 102. Kf1 Bd6 103. Bd5 d2 104. Bb3 Bc5 105. Bd1 Bb6 106.
Bc2 f3 107. Bd1 Bc5 108. Bxf3 1/2-1/2